000 01000naa a22002657a 4500
001 BR9601044
003 BR-BrBNA
005 20240918181613.0
007 ta
008 230509b bl.||||| |||| 00| 0 por d
040 _aBR-BrBNA
_bpor
_cBiblioteca Nacional de Agricultura
041 _a(En)
072 _aN01; P36
090 _aN01 BR9601044
100 1 _aHeede, B.H.
111 1 _aCongresso Pan Americano de Conservacao do Solo
_cSao Paulo, SP (Brazil)
_d12-29 Apr 1966
245 1 _aEngineering techniques and principles applied to soil erosion control
260 3 _aSao Paulo, SP (Brasil):
_c1966.
500 _aAnais do Congresso Pan Americano de Conservacao do Solo Sao Paulo, SP (Brasil): 1966. p. 179-186 (BR9601044-AM)N01
650 _aEngenharia Agricola
650 _aErosao do Solo
773 0 _tAnais do Congresso Pan Americano de Conservacao do Solo
_wN01 BR9601044
_gSao Paulo, SP (Brasil), 1966. p. 179-186
909 _a202404
_bLucia
_c55
_dLucia Elande
942 _cAM
_2AGRIS
999 _c326055
_d326055